000 00872nam a2200265 4500
001 26722
003 BD-RjUL
005 20211209051046.0
008 140323t19611956nyu 000 0aeng d
035 _a(OCoLC)ocm00706713
035 _a(BD-RjUL)26793
040 _aKent St Univ Lib
_cDLC
_dOCL
_dNYP
_dBD-RjUL
_beng
041 _aeng
082 0 4 _a954.0350924
_bGAN 1961
100 1 _aGandhi,
_d1869-1948.
_982110
245 1 4 _aThe Gandhi reader :
_b1; a source book of his life and writings.
_cedited by Homer A. Jack.
250 _a1st Evergreen ed.
260 _aBloomington :
_bIndiana University Press,
_cc1956 [1961].
300 _axxi, 278 p. xxxv ;
_c21 cm.
600 1 0 _aGandhi,
_cMahatma,
_d1869-1948.
_982124
700 1 _aJack, Homer A.
_q(Homer Alexander),
_d1916-1993.
_982112
942 _2ddc
_cBK
999 _c26722
_d26722